| 000 | 00707nam a2200217 4500 | ||
|---|---|---|---|
| 001 | 107514 | ||
| 003 | ES-MaACL | ||
| 005 | 20250829074603.0 | ||
| 007 | t| | ||
| 008 | 061121s1967 sp r ||||1| spa d | ||
| 100 | 1 |
_aMorazé, Charles. _983176 |
|
| 245 | 1 | 3 |
_aLa Francia burguesa / _cCharles Morazé, prefacio de Lucien Febvre; traducción Beatriz de Moura. |
| 260 |
_aBarcelona : _bLumen, _c1967. |
||
| 300 |
_a275 p. ; _c19. |
||
| 490 | 1 |
_aPalabra en el tiempo ; _v12 |
|
| 700 | 1 |
_aFebvre, Lucien, _d1878-1956 _949047 |
|
| 700 | 1 |
_aMoura, Beatriz de, _d1939- _983880 |
|
| 830 | 0 |
_aPalabra en el tiempo ; _v12 _9177857 |
|
| 852 |
_aES-MaACL _jC-32906 _bR.62959 |
||
| 999 |
_c107514 _d107514 |
||